ARRUPE JESUIT UNIVERSITY

CORONAVIRUS -STOP THE SPREAD - CLEAN,DISINFECT,COVER

The oral and beyond, (Record no. 131648)

MARC details
000 -LEADER
fixed length control field 00521nam a22001577a 4500
008 - FIXED-LENGTH DATA ELEMENTS--GENERAL INFORMATION
fixed length control field 230303b |||||||| |||| 00| 0 eng d
020 ## - INTERNATIONAL STANDARD BOOK NUMBER
International Standard Book Number 9781847010018.
050 ## - LIBRARY OF CONGRESS CALL NUMBER
Classification number GR350.F556 2007.
100 ## - MAIN ENTRY--PERSONAL NAME
Personal name Finnegan, Ruth
9 (RLIN) 24342
245 ## - TITLE STATEMENT
Title The oral and beyond,
Remainder of title doing things with words in Africa
Statement of responsibility, etc Ruth Finnegan.
260 ## - PUBLICATION, DISTRIBUTION, ETC. (IMPRINT)
Place of publication, distribution, etc Malaysia:
Name of publisher, distributor, etc Long House Publishing Services,
Date of publication, distribution, etc 2007.
300 ## - PHYSICAL DESCRIPTION
Extent xiii,
Other physical details 258p,;
Dimensions 23cm.
650 ## - SUBJECT ADDED ENTRY--TOPICAL TERM
Topical term or geographic name as entry element oral tradition,
Geographic subdivision Africa
9 (RLIN) 31405
650 ## - SUBJECT ADDED ENTRY--TOPICAL TERM
Topical term or geographic name as entry element Africa
Form subdivision folklore
9 (RLIN) 52203
942 ## - ADDED ENTRY ELEMENTS (KOHA)
Source of classification or shelving scheme Library of Congress Classification
Item type Monograph ( Printed materials)
Holdings
Withdrawn status Lost status Source of classification or shelving scheme Damaged status Not for loan Home library Current library Shelving location Date acquired Total Checkouts Full call number Barcode Date last seen Price effective from Koha item type
    Library of Congress Classification     ARRUPE LIBRARY ARRUPE LIBRARY Main Collection 03/03/2023   GR350.F556 2007. 46700000237 03/03/2023 03/03/2023 Monograph ( Printed materials)

 

Arrupe Library. PO Box MP320 Mt Pleasant, Harare, Zimbabwe
263 242 745411|librarian@aju.ac.zw